| 000 | 00375nam a2200157Ia 4500 | ||
|---|---|---|---|
| 008 | 240515s2023 xx und d | ||
| 041 | _aeng | ||
| 082 | _a 615.2/GOK | ||
| 100 | _aS. B. Gokhale | ||
| 245 | _aPharmacognosy and Photochemistry- I | ||
| 250 | _a5th | ||
| 260 |
_bNirali Prakashan _c2023 |
||
| 300 | _a11p | ||
| 520 | _aDIPLOMA | ||
| 650 | _aPharmacognosy | ||
| 999 |
_c1164610 _d1164610 |
||